logo

Bir Sreshtho Munshi Abdur Rouf Library
Jhenaidah Cadet College

Dr. Rafiqul Islam's autobiography & a tale of travel / (Record no. 12868)

MARC details
000 -LEADER
fixed length control field 00649nam a2200241 a 4500
001 - CONTROL NUMBER
JCCL Control Number 12868
003 - CONTROL NUMBER IDENTIFIER
JCCL marc code BD-JhCC
005 - DATE AND TIME OF LATEST TRANSACTION
control field 20230521193557.0
008 - FIXED-LENGTH DATA ELEMENTS--GENERAL INFORMATION
fixed length control field 230521s2022 uk a|||| |||| 000 0 eng d
020 ## - INTERNATIONAL STANDARD BOOK NUMBER
International Standard Book Number 9791220113649
035 ## - SYSTEM CONTROL NUMBER
system control number (BD-JhCC)12868
040 ## - CATALOGING SOURCE
Original cataloging agency BD-JhCC
Modifying agency BD-JhCC
041 ## - LANGUAGE CODE
Language code of Book eng
082 ## - DEWEY DECIMAL CLASSIFICATION NUMBER
Classification number 128
Author mark and Year ISL 2022
100 ## - MAIN ENTRY--PERSONAL NAME
Personal name Islam, Rafiqul
245 ## - TITLE STATEMENT
Title Dr. Rafiqul Islam's autobiography & a tale of travel /
Statement of responsibility, etc Rafiqul Islam
260 ## - PUBLICATION, DISTRIBUTION, ETC. (IMPRINT)
Place of publication, distribution, etc London :
Name of publisher, distributor, etc Europa Book,
Date of publication, distribution, etc 2022
300 ## - PHYSICAL DESCRIPTION
Pagination 494 p. :
Other physical details Illus;
Dimensions 21 cm.
504 ## - BIBLIOGRAPHY, ETC. NOTE
Bibliography, etc Includes Bibliography
600 ## - SUBJECT ADDED ENTRY--PERSONAL NAME
Personal name Islam, Rafiqul
650 ## - SUBJECT ADDED ENTRY--TOPICAL TERM
Topical term or geographic name as entry element Autiobiography
942 ## - ADDED ENTRY ELEMENTS (KOHA)
Source of classification or shelving scheme Dewey Decimal Classification
Koha item type Books
Holdings
Source of classification or shelving scheme Damaged status Not for loan Home library Current library Shelving location Date of accession Total Checkouts Full call number Barcode Date last seen Copy number Method of acquisition Koha item type Currency
Dewey Decimal Classification     JCC Rouf Library JCC Rouf Library General Stacks 05/21/2023   128 ISL 2022 17793 05/21/2023 C-1 Gift/Donation Books BDT
Dewey Decimal Classification     JCC Rouf Library JCC Rouf Library General Stacks 05/21/2023   128 ISL 2022 17792 05/21/2023 C-2 Gift/Donation Books BDT

JCC Library | Contacts | JCC Home

Last Update on 23 September 2017
Copyright @ 2017-2020 JCC Rouf Library
Rouf Library, Jhenidah Cadet College (JCC), Bangladesh